Christ und Antisemitismus: Christentum und Judentum

Saved in:  
Bibliographic Details
Main Author: Görlich, Ernst Joseph (Author)
Format: Electronic Article
Language:German
Check availability: HBZ Gateway
Interlibrary Loan:Interlibrary Loan for the Fachinformationsdienste (Specialized Information Services in Germany)
Published: 1971
In: Theologisch-praktische Quartalschrift
Year: 1971, Volume: 119, Issue: 1, Pages: 27-40
IxTheo Classification:BH Judaism
CA Christianity
ZC Politics in general
Further subjects:B persecution of Jews / Holocaust
B Anti-semitism
B Holocaust / Jews
B Christianity
B Antisemitism
Online Access: Volltext (kostenfrei)
Parallel Edition:Non-electronic

MARC

LEADER 00000naa a22000002c 4500
001 1961657104
003 DE-627
005 20260219085423.0
007 cr uuu---uuuuu
008 260219s1971 xx |||||o 00| ||ger c
024 7 |a 10.82519/thpq.v119i1.51511  |2 doi 
035 |a (DE-627)1961657104 
035 |a (DE-599)KXP1961657104 
040 |a DE-627  |b ger  |c DE-627  |e rakwb 
041 |a ger 
084 |a 0  |a 1  |2 ssgn 
100 1 |a Görlich, Ernst Joseph  |e VerfasserIn  |4 aut 
245 1 0 |a Christ und Antisemitismus  |b Christentum und Judentum  |c Ernst Joseph Görlich 
264 1 |c 1971 
336 |a Text  |b txt  |2 rdacontent 
337 |a Computermedien  |b c  |2 rdamedia 
338 |a Online-Ressource  |b cr  |2 rdacarrier 
506 |a [DE-21]Open Access  |e Controlled Vocabulary for Access Rights  |u http://purl.org/coar/access_right/c_abf2 
533 |a Reproduktion  |d 2025  |7 |2025|||||||||| 
540 |a [DE-21]Urheberrechtsschutz 1.0  |2 rs  |u https://rightsstatements.org/page/InC/1.0/?language=en 
601 |a Antisemitismus 
601 |a Christentum 
601 |a Judentum 
650 4 |a Antisemitismus 
650 4 |a Holocaust/Judenvernichtung 
650 4 |a Christentum 
650 4 |a Anti-semitism 
650 4 |a persecution of Jews/Holocaust 
650 4 |a Christianity 
652 |a BH:CA:ZC 
773 0 8 |i Enthalten in  |t Theologisch-praktische Quartalschrift  |d Regensburg : Verlag Friedrich Pustet, 1853  |g 119(1971), 1, Seite 27-40  |h Online-Ressource  |w (DE-627)1876739452  |w (DE-600)3175071-0  |7 nnas 
773 1 8 |g volume:119  |g year:1971  |g number:1  |g pages:27-40 
776 0 8 |i Elektronische Reproduktion von  |a Görlich, Ernst Joseph  |t Christ und Antisemitismus  |d 1971  |w (DE-627)596266995  |w (DE-576)9596266993  |k Non-Electronic 
856 4 0 |u https://doi.org/10.82519/thpq.v119i1.51511  |x Digitalisierung  |z kostenfrei  |3 Volltext  |7 0 
889 |w (DE-627)1863227199 
935 |a DTH5  |a mteo 
935 |i mdedup 
951 |a AR 
ELC |a 1 
ITA |a 1  |t 1 
LOK |0 000 xxxxxcx a22 zn 4500 
LOK |0 001 4920113463 
LOK |0 003 DE-627 
LOK |0 004 1961657104 
LOK |0 005 20260219085423 
LOK |0 008 260219||||||||||||||||ger||||||| 
LOK |0 040   |a DE-Tue135  |c DE-627  |d DE-Tue135 
LOK |0 092   |o n 
LOK |0 852   |a DE-Tue135 
LOK |0 852 1  |9 00 
LOK |0 935   |a ixzs 
LOK |0 936ln  |0 1442043741  |a CA 
LOK |0 936ln  |0 1442043520  |a BH 
LOK |0 936ln  |0 1550736965  |a ZC 
LOK |0 939   |a 19-02-26  |b l01 
OAS |a 1 
ORI |a TA-MARC-ixtheoa001.raw 
REL |a 1 
STA 0 0 |a Antisemitism,Antisemitism,Antisemitism in art,Christianity,Christian world view,World view,Christian ideology 
STB 0 0 |a Antisémitisme,Antisémitisme,Christianisme,Christianisme 
STC 0 0 |a Antisemitismo,Antisemitismo,Cristianismo,Cristianismo,Cristiandad,Cristiandad,Cristiandad (Motivo),Cristiandad 
STD 0 0 |a Antisemitismo,Antisemitismo,Cristianesimo,Cristianesimo 
STE 0 0 |a 反犹太主义,反犹太主义,基督教,基督教,基督教世界观 
STF 0 0 |a 反猶太主義,反猶太主義,基督教,基督教,基督教世界觀 
STG 0 0 |a Antissemitismo,Antissemitismo,Cristianismo,Cristianismo,Cristandade,Cristandade,Cristandade (Motivo),Cristandade 
STH 0 0 |a Антисемитизм (мотив),Антисемитизм,Христианство (мотив),Христианство 
STI 0 0 |a Αντισημιτισμός (μοτίβο),Αντισημιτισμός,Χριστιανισμός (μοτίβο),Χριστιανισμός 
SUB |a REL 
SYE 0 0 |a Judenfeindschaft,Judenhass,Judenfeindschaft,Judenhass , Christianity,Christliche Mission,Missionierung,Christenheit,Christianitas,Christliche Religion,Christliche Weltanschauung